000 00498nam a2200205Ia 4500
005 20251020182549.0
008 200515s9999 xx 000 0 und d
082 _aR/02(038)/C59
100 _aCLASON, W. E.
245 0 _aDictionary of Library Science, information and documentation
260 _aAmsterdam
260 _c1976
300 _a269
650 _aBIBLIOTECOLOGIA
650 _aDICCIONARIOS
650 _aDOCUMENTACION
650 _aINFORMACION
650 _aLIB
942 _cLIB
999 _c2671
_d2671